Statistics for Madagascar First Level Subdivisions

Click here to take the quiz!

General Stats

  • This quiz has been taken 18 times
  • The average score is 16 of 22

Answer Stats

Faritra% Correct
Diana
100%
Sofia
83%
Sava
83%
Anosy
83%
Atsimo-Andrefana
83%
Atsimo-Atsinanana
83%
Atsinanana
83%
Betsiboka
83%
Boeny
83%
Ihorombe
83%
Itasy
83%
Vatovavy-Fitovinany
67%
Melaky
67%
Vakinankaratra
67%
Menabe
67%
Bongolava
67%
Amoron'i Mania
67%
Androy
67%
Analamanga
67%
Matsiatra Ambony
50%
Analanjirofo
50%
Alaotra-Mangoro
50%

Score Distribution

Percentile by Number Answered

Percent of People with Each Score

Your Score History

You have not taken this quiz